000 00470nmm a2200169Ia 4500
008 251105s9999||||xx |||||||||||||||||und||
020 _a9788496582408
041 _aspa
100 _aLuque, Ramón
245 0 _aBergman :
_b El artista y la máscara
264 _a[Madrid, España] :
_bOcho y Medio,
_c2007
300 _a152 páginas
490 _aCautivos del mal
650 _aFilm studies
856 _uhttps://public.digitaliapublishing.com/a/318
942 _cCF
999 _c90010
_d90010